Biblioteka Instytutu Północnego w Olsztynie

Rząd i Rada Narodowa R.P. : (Rekord nr 27626)

Szczegóły MARC
000 -Nagłówek
fixed length control field 01590cam a2200385 i 4500
001 - Nr kontrolny bibl., która utworzyła rek.
control field zz2004908252
003 - Siglum bibl., której nr kontr. jest w 001
control field NUKAT
005 - Data i czas ostatniej operacji
control field 20260416200216.0
008 - Elementy pola stałej długości
fixed length control field 040603s1942 xxk |000 0 pol c
035 ## - Systemowy numer kontrolny
systemowy numer kontrolny (OCoLC)1412996309
035 ## - Systemowy numer kontrolny
systemowy numer kontrolny (NUKAT)zz2004908252
040 ## - Instytucja sporządzająca opis
Instytucja, która sporządziła opis GD U/MZ
Instytucja, która sporządziła rekord GD U/MZ
Instytucja, która zmodyfikowała rekord GD U/MZ
-- GD U/BDs
-- KR U/39KP
100 1# - Hasło główne-nazwa osobowa
Nazwa osobowa Kwiatkowski, Michał
Daty biograficzne (1883-1966).
9 (RLIN) 40202
245 10 - Tytuł właściwy i oznaczenie odpow.
tytuł Rząd i Rada Narodowa R.P. :
dodatek do tytułu w świetle faktów i dokumentów od września 1939 do lutego 1942 r. /
dod. inf. ze s. tyt./ozn. odpow. Michał Kwiatkowski.
246 3# - Inne formy tytułu, wariant tytułu
tytuł Rząd i Rada Narodowa Rzeczypospolitej Polskiej
260 ## - Adres wydawniczy
miejsce wydania, dystrybucji itp. Londyn :
nazwa wydawcy, dystrybutora itp. nakł. autora,
data wydania, dystrybucji itp. 1942.
300 ## - Opis fizyczny
objętość i/lub forma materiału 163 s. ;
format 21 cm.
336 ## - Content Type
Term Tekst
Code txt
Source rdacontent
337 ## - Media Type
Term Bez urządzenia pośredniczącego
Code n
Source rdamedia
338 ## - Carrier Type
Term Wolumin
Code nc
Source rdacarrier
380 ## - Form of work
Form of work Książki
610 27 - Hasło przedmiotowe-nazwa ciała zbior.
nazwa ciała zbior. lub geogr. Rada Narodowa Rzeczypospolitej Polskiej
źródło hasła DBN
9 (RLIN) 40203
610 27 - Hasło przedmiotowe-nazwa ciała zbior.
nazwa ciała zbior. lub geogr. Rząd Rzeczypospolitej Polskiej na uchodźstwie
źródło hasła DBN
9 (RLIN) 39662
610 17 - Hasło przedmiotowe-nazwa ciała zbior.
nazwa ciała zbior. lub geogr. Polska.
nazwa jednostki podrzędnej Rada Narodowa Rzeczypospolitej Polskiej.
źródło hasła kaba
9 (RLIN) 40204
610 14 - Hasło przedmiotowe-nazwa ciała zbior.
nazwa ciała zbior. lub geogr. Polska.
nazwa jednostki podrzędnej Rząd Rzeczypospolitej Polskiej na Uchodźstwie.
źródło hasła kaba
9 (RLIN) 24280
648 #7 - SUBJECT ADDED ENTRY--CHRONOLOGICAL TERM
Chronological term 1901-2000
Source of heading or term DBN
9 (RLIN) 34996
648 #7 - SUBJECT ADDED ENTRY--CHRONOLOGICAL TERM
Chronological term 1939-1945
Source of heading or term DBN
9 (RLIN) 36042
650 #7 - Hasło przedmiotowe-nazwa pospolita
nazwa pospolita lub geogr. Polacy za granicą
źródło hasła DBN
9 (RLIN) 35953
650 #7 - Hasło przedmiotowe-nazwa pospolita
nazwa pospolita lub geogr. Polityka
źródło hasła DBN
9 (RLIN) 35231
655 #7 - Termin określający rodzaj/formę
rodzaj/forma Wydawnictwo źródłowe
źródło terminu DBN
9 (RLIN) 35066
658 ## - Nazwa określająca cel programu nauczania
główny cel programu nauczania Polityka, politologia, administracja publiczna
710 1# - Hasło dodatkowe - nazwa ciała zbior.
nazwa ciała zbior. lub nazwa geogr. Polska.
nazwa jednostki podrzędnej Rząd Rzeczypospolitej Polskiej na Uchodźstwie.
9 (RLIN) 24280
710 1# - Hasło dodatkowe - nazwa ciała zbior.
nazwa ciała zbior. lub nazwa geogr. Polska.
nazwa jednostki podrzędnej Rada Narodowa Rzeczypospolitej Polskiej.
9 (RLIN) 40204
942 ## - ADDED ENTRY ELEMENTS (KOHA)
Source of classification or shelving scheme Dewey Decimal Classification
Koha item type pozycje dostępne na miejscu
Egzemplarze
Status wycofania Status zagubienia Klasyfikacja Status uszkodzenia Blokada wypożyczeń Kolekcja Lokalizacja macierzysta Lokalizacja bieżąca Data nabycia Numer akcesji Źródło akcesji Nr inwentarzowy il. wypożyczeń Sygnatura Kod kreskowy Date last seen Price effective from Typ egz.
    Dewey Decimal Classification nieuszkodzona   Pracownia Badań Księgozbiorów Historycznych Biblioteka Instytutu Północnego w Olsztynie Pracownia Badań Księgozbiorów Historycznych 16/04/2026 D-21/1964 dar 15622   15622 IPWK23774 16/04/2026 16/04/2026 pozycje dostępne na miejscu
Biblioteka Instytutu Północnego, ul. Partyzantów 87, 10-402 Olsztyn, email: biblioteka(at)ip.olsztyn.pl